Construyendo la modernidad (Record no. 93445)

MARC details
000 -LEADER
campo de control de longitud fija 01164nam a2200289 i 4500
001 - NÚMERO DE CONTROL
campo de control 93445
003 - IDENTIFICADOR DE NÚMERO DE CONTROL
campo de control ES-MaACL
005 - FECHA Y HORA DE LA ÚLTIMA TRANSACCIÓN
campo de control 20251202185829.0
007 - CAMPO FIJO DE DESCRIPCIÓN FÍSICA--INFORMACIÓN GENERAL
campo de control de longitud fija t|
008 - DATOS DE LONGITUD FIJA--INFORMACIÓN GENERAL
campo de control de longitud fija 050526s2002 sp ||||1| spa d
020 ## - NÚMERO INTERNACIONAL ESTÁNDAR DEL LIBRO
Número Internacional Estándar del Libro 84-95886-00-6
080 ## - NÚMERO DE LA CLASIFICACIÓN DECIMAL UNIVERSAL
Número de la Clasificación Decimal Universal 32 Iglesias, Pablo
245 00 - MENCIÓN DEL TÍTULO
Título Construyendo la modernidad
Resto del título : obra y pensamiento de Pablo Iglesias /
Mención de responsabilidad, etc. presentación de Alfonso Guerra ; Enrique Moral Sandoval, Santiago Castillo (coordinadores) ; Santos Juliá ... [et al., autores].
250 ## - MENCION DE EDICION
Mención de edición 1ª ed.
260 ## - PUBLICACIÓN, DISTRIBUCIÓN, ETC.
Lugar de publicación, distribución, etc. Madrid :
Nombre del editor, distribuidor, etc. Pablo Iglesias,
Fecha de publicación, distribución, etc. 2002.
300 ## - DESCRIPCIÓN FÍSICA
Extensión XXI, 359 p. ;
Dimensiones 21 cm.
500 ## - NOTA GENERAL
Nota general Ponencias del Congreso de Historiadores celebrado en la Residencia de Estudiantes de Madrid, los días 15, 16 y 17 de noviembre de 2000.
504 ## - NOTA DE BIBLIOGRAFÍA, ETC.
Nota de bibliografía, etc. Bibliografía.
600 14 - PUNTO DE ACCESO ADICIONAL DE MATERIA--NOMBRE DE PERSONA
Nombre de persona Iglesias, Pablo,
Fechas asociadas al nombre 1850-1925
9 (RLIN) 242571
700 1# - ENTRADA AGREGADA--NOMBRE PERSONAL
Nombre de persona Moral Sandoval, Enrique
9 (RLIN) 240158
700 1# - ENTRADA AGREGADA--NOMBRE PERSONAL
Nombre de persona Castillo, Santiago.
9 (RLIN) 36722
700 1# - ENTRADA AGREGADA--NOMBRE PERSONAL
Nombre de persona Guerra, Alfonso,
Fechas asociadas al nombre 1940-
9 (RLIN) 60479
700 1# - ENTRADA AGREGADA--NOMBRE PERSONAL
Nombre de persona Juliá, Santos,
Fechas asociadas al nombre 1940-2019
9 (RLIN) 67236
711 2# - ENTRADA AGREGADA--NOMBRE DE REUNIÓN
Nombre de congreso/reunión o jurisdicción como elemento de entrada Congreso de Historiadores (
Fecha del congreso o de la firma del tratado 2000.
Sede del congreso/Lugar de la reunión Madrid)
9 (RLIN) 310
852 ## - LOCALIZACIÓN
Ubicación ES-MaACL
Número de control de estantería L-29133
Sublocalización o colección R.135539
Holdings
Estatus retirado Estado de pérdida Estado de daño No para préstamo Biblioteca de origen Biblioteca actual Ubicación en estantería Fecha de adquisición Fuente de adquisición Total de préstamos Signatura topográfica completa Código de barras Visto por última vez Fecha del último préstamo Precio de reemplazo Tipo de ítem Koha
        Biblioteca del Ateneo de Madrid Biblioteca del Ateneo de Madrid Depósito 2 17/01/2008   1 L-29133 1097583 19/03/2026 03/02/2026 23/02/2023 Libro impreso